Introductory Plant Physiology
| Main Authors: | , |
|---|---|
| Format: | Section = Libro |
| Language: | Undetermined Spanish |
| Published: |
Prentice Hall
1983
|
| Edition: | 3a.ed |
| Subjects: |
| LEADER | 00582nam a2200229Ia 4500 | ||
|---|---|---|---|
| 008 | 240830s9999 xx 000 0 und d | ||
| 020 | |a 0-13-502096-4 | ||
| 040 | |a CEDOC FIQ-RUSB / 570 N776 | ||
| 041 | |a spa | ||
| 082 | |a 570 N776 | ||
| 100 | 1 | |a Noggle, G. Ray | |
| 100 | 1 | |b Fritz,George J. | |
| 245 | 1 | 0 | |a Introductory Plant Physiology |
| 250 | |a 3a.ed | ||
| 260 | |b Prentice Hall |c 1983 | ||
| 300 | |a 627 p.: il. | ||
| 650 | 7 | |a CIENCIAS BIOLÓGICAS | |
| 650 | 7 | |b LA ORGANIZACIÓN DE LAS PLANTAS | |
| 650 | 7 | |c FOTORESPIRACIÓN | |
| 942 | |c BK |2 ddc | ||
| 991 | |a TEXTO | ||
| 999 | |c 27181 | ||